| 000 | 01216cam a2200337 i 4500 | ||
|---|---|---|---|
| 999 |
_c200448754 _d66966 |
||
| 001 | 200448754 | ||
| 003 | TR-AnTOB | ||
| 005 | 20241007153916.0 | ||
| 007 | ta | ||
| 008 | 981207s1979 tu 00010 tur | ||
| 035 | _a(TR-AnTOB)200448754 | ||
| 040 |
_aTR-AnTOB _beng _erda _cTR-AnTOB |
||
| 041 | 0 | _atur | |
| 050 | 0 | 0 |
_aHT169.T9 _bD56 1979 |
| 090 |
_aHT169.T9 _bD56 1979 |
||
| 100 | 1 |
_aDinç, Tuğyan _eauthor _9129603 |
|
| 245 | 1 | 0 |
_aTürkiye'de yerleşme yerleri itibariyle demografik konut gereksinimi 1976-1985 / _cTuğyan Dinç, Ragıp Türkmen. |
| 264 | 1 |
_aAnkara : _bTÜBİTAK Yapı Araştırma Enstitüsü, _c1979. |
|
| 300 |
_a170 pages ; _c30 cm |
||
| 336 |
_atext _btxt _2rdacontent |
||
| 337 |
_aunmediated _bn _2rdamedia |
||
| 338 |
_avolume _bnc _2rdacarrier |
||
| 500 | _a"Bu yayın YAE 109 "Konut Üretim Teknikleri" projesinin bir yan ürünüdür" | ||
| 650 | 0 |
_aKent planlama _zTürkiye _vİstatistikler _987087 |
|
| 650 | 7 |
_aKent politikası _zTürkiye _vİstatistikler _2etuturkob _949221 |
|
| 650 | 7 |
_aDemografi _zTürkiye _vİstatistikler _2etuturkob _995838 |
|
| 700 | 1 |
_aTürkmen, Ragıp _eauthor _9136910 |
|
| 942 |
_2lcc _cBK |
||